000 00514nam a2200181Ia 4500
005 20250508155304.0
008 008 250505s9999 xx 000 0 eng d
037 _aBooks to be hide in OPAC
040 _aFEDL
_beng
_cFEDL
041 _aeng
_2eng
084 _a331.1, IAM/O
_qFEDL
245 0 _aArea manpower survey : Pilot project memorandum
245 0 _cInstitute of Applied Manpower Research
260 _c1963
300 _a24p.
942 _cHB
_h331.1, IAM/O
999 _c1355869
_d1355869